| Tag |
First Indicator |
Second Indicator |
Subfields |
| LEADER |
00000nam a2200000Ia 4500 |
| 001 |
in00004200214 |
| 005 |
20200806090410.0 |
| 006 |
m g d |
| 007 |
cr bn |||a|bb| |
| 008 |
080428q15001599xx a o 000 0 eng d |
| 040 |
|
|
|a UMI
|c UMI
|
| 035 |
|
|
|a (OCoLC)226319867
|
| 037 |
|
|
|a CL2105000002
|b ProQuest Information and Learning, 789 E. Eisenhower Parkway, Ann Arbor, MI 48108-3218
|
| 090 |
|
|
|a CR67
|b .U5
|
| 049 |
|
|
|a UMIA
|
| 245 |
0 |
0 |
|a [Unidentified armorial bearings] :
|b nihil sole clarivs.
|
| 246 |
3 |
0 |
|a Nihil sole clarivs
|
| 246 |
3 |
0 |
|a Nihil sole clarius
|
| 260 |
|
|
|a [S.l. :
|b publisher not identified,
|c 15--?]
|
| 300 |
|
|
|a 1 online resource ([1] pages :
|b chiefly illustrations.
|
| 336 |
|
|
|a text
|b txt
|2 rdacontent
|
| 337 |
|
|
|a computer
|b c
|2 rdamedia
|
| 338 |
|
|
|a online resource
|b cr
|2 rdacarrier
|
| 500 |
|
|
|a Title supplied by cataloger.
|
| 500 |
|
|
|a Reproduction of original in the British Library.
|
| 510 |
4 |
|
|a Early English books tract supplement interim guide
|c Harl.5921[332]
|
| 533 |
|
|
|a Electronic reproduction.
|b Ann Arbor, Mich. :
|c UMI,
|d 1999-
|f (Early English books online)
|n Digital version of: (Early English books; Tract supplement ; E1:2[170c])
|7 s1999 miun s
|
| 650 |
|
0 |
|a Devices (Heraldry)
|v Specimens.
|
| 830 |
|
0 |
|a Early English books online.
|
| 856 |
4 |
0 |
|u http://proxy.library.tamu.edu/login?url=https://search.proquest.com/docview/2240872801
|z Connect to the full text of this electronic book
|t 0
|
| 994 |
|
|
|a 02
|b UMI
|
| 999 |
f |
f |
|s b71612e6-81a4-3376-b4e3-52d482443af1
|i d602e3cc-d46a-3b81-ad14-e582bfb85ed1
|t 0
|
| 952 |
f |
f |
|a Texas A&M University
|b College Station
|c Electronic Resources
|d Available Online
|t 0
|e CR67 .U5
|h Library of Congress classification
|
| 998 |
f |
f |
|a CR67 .U5
|t 0
|l Available Online
|